[Event "American Continental 15th"]
[Site "Sao Paulo"]
[Date "2019.07.08"]
[Round "5"]
[White "Araujo, Sergio Murilo"]
[Black "Bouwman, Marcelo Wanderley"]
[Result "1-0"]
[WhiteElo "2090"]
[BlackElo "2234"]
[PlyCount "75"]
[EventDate "2019.07.05"]
[EventType "swiss"]
[EventRounds "11"]
[EventCountry "BRA"]
[SourceTitle "CBM 191 Extra"]
[Source "ChessBase"]
[SourceDate "2019.09.30"]
[SourceVersion "1"]
[SourceVersionDate "2019.09.30"]
[SourceQuality "1"]

1. d4 Nf6 2. c4 d6 3. Nc3 Nbd7 4. e4 e5 5. Nf3 Be7 6. h3 c6 7. Be2 0-0 8. Be3 a6 9. 0-0 b5 10. a3 Bb7 11. cxb5 cxb5 12. d5 Nb6 13. Qb3 Nfd7 14. a4 f5 15. axb5 fxe4 16. Nd2 a5 17. Ndxe4 h6 18. Rfd1 Nf6 19. Nxf6+ Bxf6 20. Na4 Nd7 21. Bg4 Bc8 22. Qc4 Rb8 23. Rac1 e4 24. Be6+ Kh8 25. Qxe4 Rxb5 26. Rc6 Qe7 27. Rdc1 Bb7 28. Rc7 Rd8 29. Qf5 Ba8 30. Rxd7 Rxd7 31. Bxd7 Rb8 32. Rc8+ Rxc8 33. Bxc8 Qc7 34. Qd7 Qc2 35. Qe8+ Kh7 36. Be6 Qd1+ 37. Kh2 Bxd5 38. Bf5+ 1-0

[Event "American Continental 15th"]
[Site "Sao Paulo"]
[Date "2019.07.07"]
[Round "4"]
[White "Leite, Tarcisio Dantas Fro"]
[Black "Araujo, Sergio Murilo"]
[Result "0-1"]
[WhiteElo "1571"]
[BlackElo "2090"]
[PlyCount "76"]
[EventDate "2019.07.05"]
[EventType "swiss"]
[EventRounds "11"]
[EventCountry "BRA"]
[SourceTitle "CBM 191 Extra"]
[Source "ChessBase"]
[SourceDate "2019.09.30"]
[SourceVersion "1"]
[SourceVersionDate "2019.09.30"]
[SourceQuality "1"]

1. e4 d6 2. d4 Nf6 3. Nc3 g6 4. Nf3 Bg7 5. Bd3 0-0 6. h3 Nc6 7. a3 e5 8. d5 Nd4 9. b4 c6 10. Bg5 h6 11. Bxf6 Qxf6 12. Nxd4 exd4 13. Ne2 cxd5 14. exd5 Qg5 15. h4 Qxd5 16. 0-0 Qh5 17. g3 Bg4 18. Re1 Bf3 19. Qd2 Rae8 20. Nf4 Qg4 21. Rxe8 Rxe8 22. Re1 Re5 23. Be2 Bf6 24. Bf1 Qc8 25. Bh3 Rxe1+ 26. Qxe1 Qxc2 27. Qe8+ Kg7 28. Ne6+ fxe6 29. Qxe6 Qc6 30. Kf1 Qc1+ 31. Qe1 Qc4+ 32. Kg1 Qe2 33. Qc1 Qd1+ 34. Qxd1 Bxd1 35. Bf1 Bc2 36. Bg2 d3 37. Kf1 d2 38. Ke2 d1Q+ 0-1

[Event "Natal Potiguar op 11th"]
[Site "Natal"]
[Date "2019.06.07"]
[Round "2"]
[White "Araujo, Sergio Murilo"]
[Black "De Oliveira, Daniel Paiva"]
[Result "1-0"]
[WhiteElo "2091"]
[BlackElo "1810"]
[PlyCount "43"]
[EventDate "2019.06.07"]
[EventType "swiss"]
[EventRounds "6"]
[EventCountry "BRA"]
[SourceTitle "EXT 2020"]
[Source "ChessBase"]
[SourceDate "2019.10.17"]
[SourceVersion "1"]
[SourceVersionDate "2019.10.17"]
[SourceQuality "1"]

1. d4 e6 2. c4 f5 3. Nc3 Nf6 4. Nf3 d5 5. e3 c6 6. Bd3 Bd6 7. 0-0 0-0 8. Qc2 Ne4 9. Ne5 Nd7 10. f4 Rf6 11. Bd2 Rh6 12. Be1 Nxe5 13. fxe5 Be7 14. Qe2 Bd7 15. Rc1 Be8 16. cxd5 cxd5 17. Nxe4 fxe4 18. Bb5 Rc8 19. Ba5 b6 20. Bd2 Bh5 21. Qf2 Bh4 22. Qxh4 1-0

[Event "Joao Pessoa Fischer Memorial 10th"]
[Site "Joao Pessoa"]
[Date "2019.03.30"]
[Round "4"]
[White "Araujo, Sergio Murilo"]
[Black "Franca, Jairo Jr"]
[Result "1-0"]
[WhiteElo "2088"]
[BlackElo "1832"]
[PlyCount "57"]
[EventDate "2019.03.29"]
[EventType "swiss"]
[EventRounds "6"]
[EventCountry "BRA"]
[SourceTitle "CBM 190 Extra"]
[Source "ChessBase"]
[SourceDate "2019.07.15"]
[SourceVersion "1"]
[SourceVersionDate "2019.07.15"]
[SourceQuality "1"]

1. d4 Nf6 2. c4 g6 3. Nc3 d5 4. cxd5 Nxd5 5. e4 Nxc3 6. bxc3 Bg7 7. Bc4 c5 8. Ne2 0-0 9. 0-0 Nc6 10. Be3 Na5 11. Bd3 Qc7 12. Rc1 Rd8 13. Bf4 e5 14. Bg5 f6 15. Be3 c4 16. Bc2 b5 17. f4 Nb7 18. fxe5 fxe5 19. d5 Bg4 20. h3 Bd7 21. Qd2 Rf8 22. Kh2 a5 23. Ng3 Qd6 24. Bh6 Rxf1 25. Rxf1 Rf8 26. Rxf8+ Qxf8 27. Bxg7 Kxg7 28. Qg5 Qf6 29. Nh5+ 1-0

[Event "Joao Pessoa Fischer Memorial 10th"]
[Site "Joao Pessoa"]
[Date "2019.03.29"]
[Round "1"]
[White "Rovedo, Salomao"]
[Black "Araujo, Sergio Murilo"]
[Result "0-1"]
[WhiteElo "1596"]
[BlackElo "2088"]
[PlyCount "36"]
[EventDate "2019.03.29"]
[EventType "swiss"]
[EventRounds "6"]
[EventCountry "BRA"]
[SourceTitle "CBM 190 Extra"]
[Source "ChessBase"]
[SourceDate "2019.07.15"]
[SourceVersion "1"]
[SourceVersionDate "2019.07.15"]
[SourceQuality "1"]

1. d4 d5 2. Nf3 Nf6 3. Bf4 e6 4. e3 c5 5. Bxb8 Rxb8 6. Bb5+ Bd7 7. Bxd7+ Qxd7 8. 0-0 Bd6 9. Nbd2 0-0 10. dxc5 Bxc5 11. Ne5 Qc7 12. Ndf3 Rfd8 13. c3 Ne4 14. Nd3 Bd6 15. Qc1 Rbc8 16. Nf4 b5 17. Nd2 Bxf4 18. Nxe4 Bxh2+ 0-1

[Event "Luiz Rego Memorial 5th"]
[Site "Teresina"]
[Date "2017.08.06"]
[Round "6"]
[White "Pinheiro, Francisco Das Chaga"]
[Black "Araujo, Sergio Murilo"]
[Result "1/2-1/2"]
[WhiteElo "1778"]
[BlackElo "2078"]
[PlyCount "32"]
[EventDate "2017.08.04"]
[EventType "swiss"]
[EventRounds "6"]
[EventCountry "BRA"]
[SourceTitle "CBM 180 Extra"]
[Source "ChessBase"]
[SourceDate "2017.10.06"]
[SourceVersion "1"]
[SourceVersionDate "2017.10.06"]
[SourceQuality "1"]

1. e4 d6 2. d4 e5 3. dxe5 dxe5 4. Qxd8+ Kxd8 5. Nf3 f6 6. Bc4 Bc5 7. Nc3 c6 8. 0-0 Nd7 9. Re1 Ne7 10. Be3 Kc7 11. Rad1 Bxe3 12. Rxe3 Nb6 13. Bb3 Bd7 14. a4 a5 15. Red3 Rad8 16. Kf1 Ng6 1/2-1/2

[Event "Natal-ch"]
[Site "Natal"]
[Date "2016.02.07"]
[Round "4"]
[White "De Andrade, Erastro Trajano"]
[Black "Araujo, Sergio Murilo"]
[Result "0-1"]
[WhiteElo "1937"]
[BlackElo "2072"]
[PlyCount "34"]
[EventDate "2016.02.06"]
[EventType "swiss"]
[EventRounds "6"]
[EventCountry "BRA"]
[SourceTitle "CBM 171 Extra"]
[Source "ChessBase"]
[SourceDate "2016.04.26"]
[SourceVersion "1"]
[SourceVersionDate "2016.04.26"]
[SourceQuality "1"]

1. e4 c6 2. d4 d5 3. e5 Bf5 4. Bd3 Bxd3 5. Qxd3 e6 6. Nf3 Nd7 7. 0-0 Ne7 8. Re1 Qb6 9. a4 a5 10. c3 c5 11. Na3 Nc6 12. Nb5 Na7 13. Nxa7 Qxa7 14. Be3 Qa6 15. Qxa6 Rxa6 16. dxc5 Bxc5 17. Bxc5 Nxc5 0-1

[Event "Potiguar-ch sf"]
[Site "Natal"]
[Date "2015.09.05"]
[Round "3.4"]
[White "Araujo, Sergio Murilo"]
[Black "Cilento, Lucas Geraldo"]
[Result "1-0"]
[WhiteElo "2070"]
[BlackElo "1914"]
[PlyCount "77"]
[EventDate "2015.09.04"]
[EventType "swiss"]
[EventRounds "7"]
[EventCountry "BRA"]
[SourceTitle "EXT 2022"]
[Source "ChessBase"]
[SourceDate "2021.10.06"]
[SourceVersion "1"]
[SourceVersionDate "2021.10.06"]
[SourceQuality "1"]

1. c4 c5 2. Nc3 Nf6 3. Nf3 Nc6 4. g3 d5 5. cxd5 Nxd5 6. Bg2 Nc7 7. 0-0 e5 8. d3 Be7 9. Nd2 Bd7 10. Nc4 f6 11. f4 0-0 12. f5 Rb8 13. a4 Nd4 14. g4 Bc6 15. Rf2 Bxg2 16. Rxg2 Nd5 17. Rf2 Nc6 18. Bd2 Ndb4 19. Qf1 a6 20. Rd1 b5 21. axb5 axb5 22. Ne3 Nd4 23. Ne4 Nd5 24. Nxd5 Qxd5 25. Qg2 Rfd8 26. g5 fxg5 27. Bxg5 Bxg5 28. Qxg5 Qf7 29. f6 Rb6 30. Qxe5 Re6 31. Qf4 c4 32. Rdf1 g6 33. Ng5 Qb7 34. f7+ Kf8 35. Nxe6+ Nxe6 36. Qh6+ Ng7 37. Rf3 cxd3 38. Rxd3 Rxd3 39. exd3 1-0

[Event "Recife Arraes Memorial 8th"]
[Site "Recife"]
[Date "2015.05.01"]
[Round "1"]
[White "Cunha, Jose Manoel Vercosa"]
[Black "Araujo, Sergio Murilo"]
[Result "0-1"]
[WhiteElo "1579"]
[BlackElo "2076"]
[PlyCount "42"]
[EventDate "2015.05.01"]
[EventType "swiss"]
[EventRounds "6"]
[EventCountry "BRA"]
[SourceTitle "EXT 2016"]
[Source "ChessBase"]
[SourceDate "2015.10.08"]
[SourceVersion "1"]
[SourceVersionDate "2015.10.08"]
[SourceQuality "1"]

1. d4 d5 2. c4 c6 3. Nc3 Nf6 4. e3 e6 5. Nf3 Nbd7 6. Be2 dxc4 7. Bxc4 b5 8. Bd3 a6 9. 0-0 c5 10. Be4 Nxe4 11. Nxe4 Bb7 12. Nxc5 Nxc5 13. dxc5 Bxc5 14. Ne5 Qc7 15. Nd3 Bd6 16. h3 Rd8 17. Qe2 0-0 18. b4 Qc4 19. a3 Be5 20. Nf4 Qxe2 21. Nxe2 Bxa1 0-1

[Event "American Continental 10th"]
[Site "Praia da Pipa"]
[Date "2014.10.22"]
[Round "7"]
[White "Ferreira, Jose Carlos"]
[Black "Araujo, Sergio Murilo"]
[Result "0-1"]
[WhiteElo "1884"]
[BlackElo "2109"]
[PlyCount "76"]
[EventDate "2014.10.18"]
[EventType "swiss"]
[EventRounds "11"]
[EventCountry "BRA"]
[SourceTitle "EXT 2015"]
[Source "ChessBase"]
[SourceDate "2014.11.20"]
[SourceVersion "1"]
[SourceVersionDate "2014.11.20"]
[SourceQuality "1"]

1. e4 d6 2. d4 Nf6 3. f3 g6 4. c4 Bg7 5. Nc3 0-0 6. Be3 c6 7. Nge2 a6 8. c5 b5 9. cxb6 Qxb6 10. Qd2 Nbd7 11. Rc1 Bb7 12. Na4 Qd8 13. Ng3 h5 14. Bd3 e5 15. Bb1 Qe7 16. 0-0 exd4 17. Bxd4 c5 18. Be3 Bc6 19. Nc3 Ne5 20. b3 Rfd8 21. Nd5 Bxd5 22. exd5 Re8 23. Bg5 Qa7 24. Kh1 Nh7 25. Be3 Qd7 26. Rfe1 Rac8 27. f4 Ng4 28. Bg1 f5 29. Bd3 Qb7 30. Bc4 h4 31. Ne2 Re7 32. h3 Ngf6 33. Nc3 Nh5 34. Rxe7 Qxe7 35. Re1 Ng3+ 36. Kh2 Qf6 37. Nd1 Ne4 38. Nf2 Nxd2 0-1

[Event "Joao Pessoa-ch"]
[Site "Joao Pessoa"]
[Date "2014.08.03"]
[Round "6"]
[White "Araujo, Sergio Murilo"]
[Black "Araujo, Jose Roberto"]
[Result "1/2-1/2"]
[WhiteElo "2084"]
[BlackElo "2191"]
[PlyCount "22"]
[EventDate "2014.08.01"]
[EventType "swiss"]
[EventRounds "6"]
[EventCountry "BRA"]
[SourceTitle "CBM 161 Extra"]
[Source "ChessBase"]
[SourceDate "2014.08.29"]
[SourceVersion "1"]
[SourceVersionDate "2014.08.29"]
[SourceQuality "1"]

1. c4 e5 2. Nc3 Nf6 3. Nf3 d6 4. d4 Nbd7 5. e4 g6 6. dxe5 dxe5 7. Bg5 Bg7 8. Nd5 c6 9. Nxf6+ Nxf6 10. Bxf6 Qxf6 11. Be2 0-0 1/2-1/2

[Event "Joao Pessoa AXCV 2nd"]
[Site "Joao Pessoa"]
[Date "2014.07.20"]
[Round "4.1"]
[White "Da Silva Tomaz, Luiz Antonio"]
[Black "Araujo, Sergio Murilo"]
[Result "1-0"]
[WhiteElo "1930"]
[BlackElo "2099"]
[PlyCount "37"]
[EventDate "2014.07.18"]
[EventType "swiss"]
[EventRounds "5"]
[EventCountry "BRA"]
[SourceTitle "EXT 2022"]
[Source "ChessBase"]
[SourceDate "2021.10.06"]
[SourceVersion "1"]
[SourceVersionDate "2021.10.06"]
[SourceQuality "1"]

1. Nc3 Nf6 2. e4 d6 3. f4 g6 4. Bc4 c6 5. Bb3 Bg7 6. Nf3 0-0 7. d3 b5 8. Qe2 b4 9. Nd1 Qc7 10. 0-0 a5 11. a4 e6 12. Kh1 Kh8 13. Qf2 Nbd7 14. Ne3 Nc5 15. Qh4 Nxb3 16. cxb3 Qd8 17. Ng5 h6 18. e5 Nh7 19. Nxf7+ 1-0